Statistics for Countries by Movie

Click here to take the quiz!

General Stats

  • This quiz has been taken 28 times
  • The average score is 20 of 26

Answer Stats

HintAnswer% Correct
YesterdayUnited Kingdom
100%
Citizen KaneUnited States
100%
The Bourne IdentityFrance
96%
FearlessChina
93%
DownfallGermany
93%
RRRIndia
93%
A Room with a ViewItaly
93%
AmadeusAustria
89%
X-MenCanada
89%
Mamma MiaGreece
89%
Teenage Mutant Ninja Turtles 3Japan
89%
Schindler's ListPoland
89%
T-34Russia
89%
RaajakumaraAustralia
81%
ArgoIran
78%
InvictusSouth Africa
78%
The SnowmanSweden
78%
BrooklynIreland
74%
Instructions not IncludingMexico
74%
Mars OneBrazil
70%
Nine QueensArgentina
67%
WolfNetherlands
59%
RedactedIraq
56%
Missing LinkNepal
30%
Rogue TraderSingapore
30%
TouristCentral African Republic
7%

Score Distribution

Percentile by Number Answered

Percent of People with Each Score

Your Score History

You have not taken this quiz